| 000 -LEADER |
| fixed length control field |
00575nas a2200193Ia 4500 |
| 022 ## - INTERNATIONAL STANDARD SERIAL NUMBER |
| ISSN |
0888-8590 |
| 040 ## - CATALOGING SOURCE |
| Transcribing agency |
OHI |
| 082 04 - DEWEY DECIMAL CLASSIFICATION NUMBER |
| Classification number |
320 CQP 1997 A107 Or. |
| 245 00 - TITLE STATEMENT |
| Title |
State and local government. |
| 260 ## - PUBLICATION, DISTRIBUTION, ETC. (IMPRINT) |
| Place of publication |
Washington, D.C. : |
| Name of publisher |
CQ Press , |
| Year of publication |
c1999- |
| 300 ## - PHYSICAL DESCRIPTION |
| Number of Pages |
v. : |
| Other physical details |
ill. ; |
| Dimensions |
24 cm. |
| 500 ## - GENERAL NOTE |
| General note |
Vols. for 199-2000- Edited by Thad L. Beyle. |
| 500 ## - GENERAL NOTE |
| General note |
"Copyright by Congressional Quarterly, Inc."--T.p. verso. |
| 650 #0 - SUBJECT ADDED ENTRY--TOPICAL TERM |
| Topical Term |
State governments |
| 650 #0 - SUBJECT ADDED ENTRY--TOPICAL TERM |
| Topical Term |
Local government |
| 700 1# - ADDED ENTRY--PERSONAL NAME |
| Personal name |
Beyle, Thad L., |
| 710 2# - ADDED ENTRY--CORPORATE NAME |
| Corporate name or jurisdiction name as entry element |
Congressional Quarterly, inc. |
| 942 ## - ADDED ENTRY ELEMENTS (KOHA) |
| Koha item type |
សៀវភៅភាសាអង់គ្លេស |
| 952 ## - LOCATION AND ITEM INFORMATION (KOHA) |
| Withdrawn status [LOCAL, KOHA] |
0 |
| 952 ## - LOCATION AND ITEM INFORMATION (KOHA) |
| Withdrawn status [LOCAL, KOHA] |
0 |